[Event "SaitekSparc_Risc2500off"]
[Site "Zürich"]
[Date "2019.03.13"]
[Round "4"]
[White "Saitek Risc 2500 offensiv"]
[Black "Saitek Sparc"]
[Result "1/2-1/2"]
[WhiteElo "2247"]
[BlackElo "2254"]
[Annotator "KUT"]
[PlyCount "197"]
[EventDate "2019.??.??"]

1. d4 Nf6 {Vergleichsmatch 120'/40 der Spiel-Stile des Saitek Risc 2500 gegen
den Saitek Sparc | 4. Partie | offensiv=Remis, normal=Niederlage, aktiv=Sieg |
Zwischenstand nach 4 Partien: offensiv=2 Pkt. (50%), normal=0,5 Pkt. (12,5%),
aktiv=2,5 Pkt. (62,5%) | Trotz frühem Damentausch und harmlos wirkender
Stellung, gelingt es dem Risc2500off, eine gewinnträchtige Position zu
erhalten. Wohl infolge der offensiven Stil-Einstellung kann sich das Programm
von Johan de Koning nicht zur einengenden Abschliessung des gegnerischen
Königsflügel mit deutlichem Vorteil durchringen. Stattdessen gibt sich das
Programm mit einem ausgeglichenen Endspiel zufrieden. Am Ende steht ein
Doppel-Turm-Endspiel plus je 1 Läufer mit schwarzem Mehrbauer auf dem Brett.
Schon hatten wir uns mit dem Remis angefreundet, als der Risc2500off doch noch
stolpert. Aber der Saitek Sparc verpasst den Gewinn und so trennen sich die
Partner mit einer Punkteteilung.} 2. c4 e5 3. dxe5 Ng4 4. Bf4 Nc6 5. Nf3 Bb4+
6. Nbd2 Qe7 7. a3 Ngxe5 8. Nxe5 Nxe5 9. e3 Bxd2+ 10. Qxd2 d6 11. Rc1 O-O 12. c5
dxc5 13. Qd5 Ng6 14. Bg3 {***ENDE BUCH***} Rd8 15. Qxc5 Qxc5 16. Rxc5 c6 17.
Be2 {Abweichung} (17. Bc4 Bd7 18. Ke2 (18. Bc7 Rdc8 19. Bd6 Rd8 20. Bg3 b6 21.
Rg5 Re8 22. O-O Be6 23. Bxe6 Rxe6 24. Rd1 h6 25. Rh5 Ree8 26. Kf1 Rad8 27. Rxd8
Rxd8 28. Ke2 f6 29. b4 Kf7 30. f3 Ke6 31. e4 Ne5 32. Bxe5 fxe5 33. g3 Rd4 34.
Ke3 Rd1 35. f4 exf4+ 36. gxf4 Ra1 37. Kd4 Rxa3 38. f5+ Kf6 39. e5+ Kf7 40. f6
a5 41. Rf5 Kf8 42. e6 gxf6 43. bxa5 Ra4+ 44. Kc3 Rxa5 45. Rxf6+ Ke7 46. Rxh6
Re5 47. h4 Rxe6 48. Rh7+ Kf6 49. Rh8 Kg6 50. Rb8 b5 51. Rh8 Re4 52. Kd3 Kg7 53.
Rc8 Rc4 54. h5 Kh6 55. Rh8+ Kg5 56. h6 Kg6 57. Ke3 b4 58. Kd2 c5 59. Kd3 Rd4+
60. Kc2 Rh4 61. Kc1 Rxh6 62. Rc8 Rh5 63. Kc2 Kf6 64. Rc6+ Ke7 65. Kb2 Kd7 66.
Rb6 Rh3 67. Rb8 Kd6 68. Rd8+ Ke5 69. Re8+ Kd5 70. Rd8+ Kc4 71. Rd2 b3 72. Rd1
Rh2+ 73. Kb1 Kb4 74. Re1 c4 75. Re4 {0-1 (75) Saitek Risc 2500 normal (2247)
-Saitek Sparc (2254) Zürich 2019}) 18... b6 19. Rg5 Bc8 20. Rc1 Rd7 21. h4 Bb7
22. h5 Nf8 23. Be5 Ne6 24. Rg4 Kf8 25. h6 g6 26. Bf6 a5 27. f3 c5 28. b3 Nc7
29. e4 a4 30. b4 cxb4 31. axb4 Ne6 32. Ke3 a3 33. Ra1 Nc7 34. b5 Ne8 35. Bc3
Nd6 36. Bd3 a2 37. e5 Nc8 38. Bb4+ Ne7 39. Rd4 Rxd4 40. Kxd4 Bc8 41. Kc3 Be6
42. Be4 Ra7 43. Kb2 Ke8 44. Bd2 Bc4 45. g4 Kd7 46. f4 Ke6 47. Bc3 Nd5 48. f5+
Ke7 49. Bd2 Kf8 50. Rc1 gxf5 51. Bxf5 Bxb5 52. Bxh7 Ra4 53. Bc2 Rxg4 54. Kxa2
Bc4+ 55. Kb1 b5 56. Kb2 Rg2 57. Ra1 Nb6 58. h7 Kg7 59. e6 f6 60. Ra7+ Kh8 61.
Bc3 Rf2 62. Bd4 Nc8 {1-0 (62) Saitek Risc 2500 aktiv (2247)-Saitek Sparc (2254)
Zürich 2019}) 17... Be6 {***ENDE BUCH***} 18. h4 h6 19. h5 Ne7 20. e4 Rd4 21.
f3 Rad8 22. Bf4 f6 23. Be3 R4d7 {Weiss steht etwas besser. Als Plus kann Weiss
das Läuferpaar und seinen Raumvorteil in die Waagschale werfen.} 24. Rc3 b6 {
?! Zweifelhaft, denn nach der folgenden Antwort wird der c6-Bauer zum
Angriffsobjekt, weil sich c6-c5 nicht durchsetzen lässt.} 25. b4 Kh7 26. a4 {
Weiss kann auch mit 26.g4 an der zweiten Front aktiv werden.} Kh8 27. Kf2 f5
28. g4 fxe4 29. fxe4 Kh7 {Dient keinem erkenntlichen Zweck. Eine Idee ist ...
Sg8, um nötigenfalls wenigstens einen Turm auf die f-Linie zu bringen.} 30.
Rhc1 Kh8 31. g5 {Das nennt sich "Erweiterung des Kampfplatzes".} Kh7 {?
Nochmals ein Wartezug, dabei war 31...hxg5 Pflicht, um nicht eingeengt zu
werden.} 32. Ra3 {?! Verkennt, dass der den schwarzen Königsflügel
massgeblich einengende Vorstoss 32.g6+ im höheren Sinne bereits entscheidend
gewesen wäre.} Rb8 {?! Erneut war ...hxg5 notwendig.} 33. Rcc3 {?! Verpasst
zum zweiten Mal den starken Vorstoss 33.g6+} Rdd8 34. a5 {Nicht schlecht, aber
deutlich stärker ist 34.g6 wie schon mehrmals erwähnt.} Rb7 35. axb6 axb6 36.
Ra6 {besser g6+ oder La6} Rf8+ 37. Kg3 hxg5 38. Bxg5 Kh8 39. Bxe7 {?! Gibt das
Läuferpaar auf und erleichtert das schwarze Spiel trotz des damit verbundenen
Bauerngewinns.} Rxe7 40. Rxc6 Bg8 {Mit 40...Ld7 nebst ...Txe4 hätte Schwarz
ausreichendes Gegenspiel erhalten, was ihm den Ausgleich gesichert hätte. Der
Textzug genügt jedoch wohl noch immer, um nicht in Verlustgefahr zu kommen.}
41. Raxb6 Rxe4 42. Ba6 Re3+ 43. Kh2 Rf2+ 44. Kg1 Rb2 45. h6 g5 46. Rc5 Rg3+ 47.
Kf1 Rf3+ 48. Ke1 Rh3 49. Bb7 Rhh2 50. Rc1 Rhe2+ 51. Kf1 Rf2+ 52. Kg1 Rf4 53.
Bc8 Rfxb4 {Endlich hat Schwarz dank seinen aktiven Türmen das materielle
Gleichgewicht wiederhergestellt.} 54. Rd6 Rh4 55. Bf5 Rhh2 56. Be4 Rhe2 57. Bf3
Re3 58. Rf6 g4 59. Bg2 Rg3 60. Rf2 Rb6 {Auch der Turmtausch war ohne Nachteil
möglich.} 61. Rd2 Kh7 62. Kf2 Ra3 63. Bc6 Kxh6 64. Rd6+ Kg7 65. Kg1 Bh7 66.
Rd7+ Kh6 67. Bg2 Bg6 68. Rd4 Kg5 69. Rd5+ Kh4 70. Rd2 Rd3 71. Re2 Rbd6 72. Bb7
Rd1+ 73. Re1 R1d2 74. Bg2 {?! Am einfachsten war der Turmtausch durch 74.Tc6.}
R6d3 75. Rf1 {? Bringt Weiss in grosse Schwierigkeiten.} Kg3 76. Bb7 {?
Verlustzug; einzig mit Lc6 konnte Weiss versuchen, Widerstand zu leisten.} Rb3
{Die beste Antwort.} 77. Bc6 Rbb2 {? Verschenkt den mit 77...Ld3 möglichen
Gewinn.} 78. Ra1 Kh4 79. Bh1 g3 80. Ra4+ Kh3 81. Bf3 Bh5 82. Be4 Bg4 83. Ra7 {
Nun ist für Schwarz nichts mehr zu holen.} Rb5 84. Rh7+ Rh5 85. Rc7 Re2 86.
Bb7 Rh6 87. Bd5 Rh8 88. Bh1 Rh4 89. Bc6 Ra2 90. Re7 Rh6 91. Bd5 Rd2 92. Bh1 Rh5
93. Rfe1 Rf2 94. R1e3 Rc2 95. Re1 Rd2 96. Bb7 Ra2 97. Rf1 Rc2 98. Rfe1 Rh2 99.
Rf1 {Remis abgebrochen} 1/2-1/2

[Event "SaitekSparc_Risc2500off"]
[Site "Zürich"]
[Date "2019.03.14"]
[Round "5"]
[White "Saitek Sparc"]
[Black "Saitek Risc 2500 offensiv"]
[Result "1/2-1/2"]
[WhiteElo "2254"]
[BlackElo "2247"]
[Annotator "KUT"]
[PlyCount "82"]
[EventDate "2019.??.??"]

{[%evp 13,82,11,24,13,16,14,12,0,8,-96,-75,-169,-17,-89,-16,-3,-16,-14,15,-77,
-16,-35,25,31,82,73,100,100,109,105,161,168,176,162,184,172,172,177,183,69,217,
134,138,118,171,15,-16,15,-16,15,-16,15,-16,15,-16,15,-16,15,-16,15,-16,15,-16,
15,-16,15,-16,15,-16,15,-16]} 1. d4 Nf6 {Vergleichsmatch 120'/40 der
Spiel-Stile des Saitek Risc 2500 gegen den Saitek Sparc | 5. Partie |
offensiv=Remis, normal=Sieg, aktiv=Sieg | Zwischenstand nach 5 Partien:
offensiv=2,5 Pkt. (50%), normal=1,5 Pkt. (30%), aktiv=3,5 Pkt. (70%) | Der
Saitek Sparc holt sich kurz nach Ende des Eröffnungsbuches den schwarzen
Zentrumsbauer e5, muss dem Gegner aber vorübergehend Kompensation und nach
einem schwachen Läuferzug gar exzellente Gewinnchancen einräumen. Doch geht
der Risc2500off an seinem Glück vorbei, die Kompensation geht verloren und
der Saitek Sparc übernimmt das Ruder. Als Weiss bereits drei Mehrbauern sein
Eigen nennen darf, genügt jedoch ein schwacher Zug, dass sich Schwarz durch
Dauerangriff seiner Türme auf die weisse Dame ins Remis retten kann.} 2. c4 e6
3. Nc3 Bb4 4. Qc2 O-O 5. a3 Bxc3+ 6. Qxc3 d6 {***ENDE BUCH***} 7. g3 e5 (7...
Nc6 8. Bg2 e5 9. d5 Nd4 10. Be3 Nf5 11. Bg5 h6 12. Bd2 e4 13. Nh3 c6 14. dxc6
bxc6 15. O-O Ba6 16. Bf4 d5 17. b3 Re8 18. Rfd1 c5 19. Ra2 d4 20. Qc2 Qb6 21.
b4 Rad8 22. Rb2 Nd6 23. b5 Bc8 24. Qb3 Be6 25. Bxd6 Qxd6 26. Nf4 Bg4 27. h4 d3
28. Qc3 Qd4 29. Qc1 Nh5 30. Nxh5 Bxh5 31. Ra2 Bxe2 32. Rdd2 e3 33. fxe3 Rxe3
34. Kh2 Qe5 35. Qe1 Rd4 36. Kg1 Rg4 37. Rxe2 dxe2 38. Rxe2 {0-1 (38) Saitek
Sparc (2254)-Saitek Risc 2500 normal (2247) Zürich 2019}) 8. dxe5 dxe5 9. Bg2
{***ENDE BUCH***} Nc6 10. Bxc6 {?! Erobert auf Kosten der Entwicklung einen
Bauer und gibt das starke Läuferpaar auf.} bxc6 11. Qxe5 Re8 12. Qc5 $146 {
?! Nicht die beste Wahl, hat doch Schwarz irgendwann einmal den wichtigen
Tempozug ...Se4 mit Angriff auf die Dame.} Be6 {? schwach} (12... Ne4 {-+ ist
schon riesenstark und nach meinen Analysen eigentlich ein langfristig
angelegter Gewinnzug, was die beiden Programme selbstverständlich unmöglich
einschätzen können.}) 13. Be3 Nd7 {Schwarz hat einige Kompensation, aber
seine bessere Entwicklung auszunützen, ist gar nicht einfach.} 14. Qd4 {
Dass Weiss mit Dxc6 nicht zugreift, ist irgendwie erstaunlich.} c5 15. Qc3 Qe7
{Abweichung} (15... Rb8 16. O-O-O Qc8 17. Nf3 Qb7 18. Nd2 Bg4 19. Rhe1 Re7 20.
Kb1 Qb6 21. Ka1 a5 22. Nf3 f6 23. Rd2 Rbe8 24. Red1 a4 25. h4 Bf5 26. h5 Qa6
27. h6 g6 28. Nh4 Be6 29. Qc2 Qc6 30. Nxg6 hxg6 31. Qxg6+ Kh8 32. Bf4 Rg8 33.
Qd3 Nb6 34. Qc3 Rf7 35. Rd8 Bxc4 36. Qc2 Re7 37. f3 Ree8 38. Rxe8 Qxe8 39. Re1
Qe7 40. e4 Bb3 41. Qc3 Kh7 42. g4 Nc4 43. Rh1 Rd8 44. Rg1 Rd7 45. Rc1 Qd8 46.
Rb1 Rd3 47. Bxc7 Qd7 48. Qxf6 Ne3 49. Rc1 Rd1 50. Qc3 Qd4 51. Bf4 Rxc1+ 52.
Qxc1 Nc2+ 53. Kb1 {0-1 (53) Saitek Sparc (2254)-Saitek Risc 2500 aktiv (2247)
Zürich 2019}) 16. Rd1 Bf5 17. Nf3 Rab8 {?! Nachdem Weiss nicht mehr lang
rochieren kann, wäre 17...Lh3 =+ ein lästiger Zug.} 18. O-O f6 19. Rd2 Bg4
20. Rfd1 Nb6 {+/- Schwarz hat keine Kompensation mehr für seinen Bauern und
kämpft nun gegen den Verlust an.} 21. b3 Rb7 22. Qa5 Nd7 23. Qa4 c6 24. Qxc6 {
Es sind bereits zwei weisse Mehrbauern geworden.} Qe4 25. Rd5 Rbb8 26. Qc7 {
Stärker 26.T1d3} Nf8 {? Macht aus einer schwierigen eine verlorene Stellung.
Absolut notwendig wäre 26...Se5 gezwungen.} 27. Qxa7 {Noch besser fährt
Weiss mit a) 27.Dxc5 oder b) 27.T1d3. Doch was will man gegen nun drei
Mehrbauern schon einwenden.} Qc2 {Verboten war 27...Txb3 28.Sd2 mit
Materialgewinn.} 28. Re1 {Das aktivere 28.T5d2 Dxb3, 29.Dxc5 gefällt mir
besser.} Ne6 29. Nd2 {? Wirft den deutlichen Vorteil weg, der mit 29.Td6
festzuhalten war und der weissen Dame den Rückzug auf der Diagonale a8-h1
ebnet.} Ra8 {= Die Stellung ist ausgeglichen, weil die schwarzen Türme die
weisse Dame dauernd angreifen können und diese Figur keine Möglichkeit
findet, diesen Angriffen auszuweichen.} 30. Qd7 Red8 31. Qb7 Rdb8 32. Qe7 Re8
33. Qd6 Red8 34. Qc6 Rdc8 35. Qb6 Rcb8 36. Qc6 Rc8 37. Qb5 Rcb8 38. Qd7 Rd8 39.
Qe7 Re8 40. Qb7 Reb8 41. Qe7 Re8 1/2-1/2

[Event "SaitekSparc_Risc2500off"]
[Site "Zürich"]
[Date "2019.03.15"]
[Round "6"]
[White "Saitek Risc 2500 offensiv"]
[Black "Saitek Sparc"]
[Result "1-0"]
[WhiteElo "2247"]
[BlackElo "2254"]
[Annotator "KUT"]
[PlyCount "66"]
[EventDate "2019.??.??"]

1. e4 c5 {Vergleichsmatch 120'/40 der Spiel-Stile des Saitek Risc 2500 gegen
den Saitek Sparc | 6. Partie | offensiv=Sieg, normal=Sieg, aktiv=Remis |
Zwischenstand nach 6 Partien: offensiv=3,5 Pkt. (58%), normal=2,5 Pkt. (42%),
aktiv=4,0 Pkt. (67%) | Die beidseitigen Fehler in dieser Partie bestehen darin,
dass der Saitek Sparc mit Schwarz das gegnerische Angriffspotenzial gegen
seinen König diverse Male nicht erkennt und so auch nicht imstande ist, in
einigen Momenten eine genügende Verteidigung aufzubauen. Umgekehrt verpasst
der Risc2500off verschiedene Male sofort entscheidende Fortsetzungen, kann
aber schliesslich doch noch vom letzten Fehler seines Gegners profitieren.} 2.
c3 e6 3. d4 d5 4. exd5 exd5 5. Nf3 Nc6 6. Bb5 Bd6 7. O-O Nge7 8. dxc5 Bxc5 9.
Nbd2 O-O 10. Nb3 Bd6 11. Nbd4 Bg4 12. Qa4 {Ende Buch} Bh5 {Ende Buch} 13. Bg5 {
Abweichung} (13. Be3 Qc7 14. h3 Na5 15. Bd3 (15. Rad1 Nc4 16. Bxc4 Qxc4 17.
Qxc4 dxc4 18. g4 Bg6 19. Nb5 Bb8 20. Bc5 Be4 21. Nh4 Nc6 22. Bxf8 Kxf8 23. Rd7
a6 24. Nc7 Bxc7 25. Rxc7 Nd8 26. Re1 Bc6 27. Ree7 Kg8 28. Nf5 Ne6 29. Rxf7 Nxc7
30. Rxg7+ Kh8 31. Rxc7 Rd8 32. f4 Rd1+ 33. Kf2 h5 34. Re7 Rd2+ 35. Re2 Rxe2+
36. Kxe2 Bg2 37. gxh5 Bxh3 38. Ng3 Kg7 39. Ke3 Be6 40. f5 Bf7 41. Kf4 Kh6 42.
f6 Kh7 43. Nf5 Be6 44. Kg5 b6 45. Nd6 Bd5 46. h6 a5 47. f7 Bxf7 48. Nxf7 a4 {
1-0 (48) Saitek Risc 2500 normal (2247)-Saitek Sparc (2254) Zürich 2019})
15... Nc4 16. Nb5 Qd7 17. Bxc4 dxc4 18. Rfd1 Nf5 19. Qxc4 Bxf3 20. gxf3 Nxe3
21. fxe3 Qxh3 22. Nxd6 Qg3+ 23. Kf1 Qh3+ 24. Ke1 Qg3+ 25. Ke2 Qh2+ 26. Kf1 Qh3+
27. Ke2 Qh2+ 28. Kf1 Qh3+ {½-½ (28) Saitek Risc 2500 aktiv (2247)-Saitek
Sparc (2254) Zürich 2019}) 13... Qb6 14. Rae1 a6 15. Bxc6 Nxc6 {Die Stellung
ist ausgeglichen.} 16. Nf5 {Kein leichtfertiger Entscheid im Hinblick auf die
Möglichkeit ...Lxf3 mit Zerstörung der weissen Bauernstruktur am
Königsflügel. Dass die heutigen Spitzenengines (2019) keinen Mangel am
Textzug erkennen zeigt nur, wie komplex solche Stellungen vor allem für uns
Menschen sind.} Bc7 {? Das ist aber falsch, wird am vom Gegner nicht bestraft.}
({Nach} 16... Bxf3 17. gxf3 Qc7 18. Bf6 d4 (18... g6 19. Nh6#) 19. Bxg7 Bxh2+
20. Kg2 Qd7 21. Nxd4 Kxg7 22. Nxc6 Qxc6 23. Qxc6 bxc6 24. Kxh2 {entsteht ein
unklares Endspiel}) 17. N3d4 {Kein Fehler, aber verpasst 17.Dh4 mit deutlichem
Vorteil.} Kh8 {? Statt mit ...Sxd4 oder ...Lg6 den Ausgleich anzustreben,
müsste dieser schwache Königszug rasch zur Katastrophe führen.} 18. Be3 {
? Es gewinnt 18.Sxg7} Qxb2 {? Erneut greift der Saitek Sparc fehl und gerät
in eine verlorene Stellung, was mit ...Da5 vermieden werden konnte.} 19. Nxc6
bxc6 20. Bd4 f6 21. Qxc6 {Etwas weniger stark ist Sxg7.} Qb8 22. g3 {Behält
noch immer Vorteil, aber sofort entscheidend war das Springeropfer auf g7.} Qd8
23. Re7 Bg6 24. Rxg7 Be5 {Noch die beste Verteidigung.} 25. f4 {?! Auch der
Risc2500off schwächelt. Dabei stand die gewinnbringende Fortsetzung Td7 zur
Verfügung.} Bxd4+ 26. Nxd4 Qe8 {? Starken Widerstand leistet ...Tc8} 27. Rc7
Qe3+ 28. Kg2 Be4+ 29. Kh3 Bd3 {? Der Saitek Sparc zeigt sich völlig von der
Rolle, indem er einen der schwächsten Züge wählt.} 30. Rf3 {Nun steht Weiss
völlig auf Gewinn.} Qc1 31. Qd7 Rg8 32. Ne2 {Auch andere Züge versprechen
den Sieg.} Rg5 {Verzweiflung} 33. Qe7 {Leitet einen unabwendbare Mattangriff
ein.} Rag8 {Schwarz gab auf} 1-0

[Event "SaitekSparc_Risc2500off"]
[Site "Zürich"]
[Date "2019.03.15"]
[Round "7"]
[White "Saitek Sparc"]
[Black "Saitek Risc 2500 offensiv"]
[Result "1-0"]
[WhiteElo "2254"]
[BlackElo "2247"]
[Annotator "KUT"]
[PlyCount "218"]
[EventDate "2019.??.??"]

1. d4 Nf6 {Vergleichsmatch 120'/40 der Spiel-Stile des Saitek Risc 2500 gegen
den Saitek Sparc | 7. Partie | offensiv=Niederlage, normal=Niederlage,
aktiv=Niederlage | Zwischenstand nach 7 Partien: offensiv=3,5 Pkt. (50%),
normal=2,5 Pkt. (36%), aktiv=4,0 Pkt. (57%) | Nach der Eröffnung steht
Schwarz mit einem isolierten Zentrumsbauer auf d5 da. Der Saitek Sparc nutzt
jedoch seine guten Chancen nicht und Schwarz gleicht aus. Das ändert sich
aber wieder vollständig, als der Risc2500off einen ungeschickten Läuferzug
ausführt. Langsam geht danach die Partie für Schwarz den Bach runter. Und
der Saitek Sparc siegt schliesslich nach einem vorübergehenden und durch den
Gegner nicht ausgenutzten Schwächeanfall.} 2. c4 e6 3. Nc3 Bb4 4. Qb3 c5 5.
dxc5 Nc6 6. Nf3 Ne4 7. Bd2 Nxc5 {***ENDE BUCH***} 8. Qc2 O-O 9. a3 Bxc3 10.
Bxc3 {***ENDE BUCH***} d5 {Abweichung} (10... f5 11. b4 Ne4 12. Bb2 d6 13. e3
e5 14. Be2 Be6 15. O-O Rc8 16. Nd2 d5 17. Nxe4 fxe4 18. Kh1 Qg5 19. cxd5 Nxb4
20. Qa4 Nxd5 21. Qxe4 Nc3 22. Bxc3 Rxc3 23. Qxb7 Rb3 24. Qxa7 Bd5 25. f3 Rxe3
26. Qa6 Rd8 27. Bc4 Kh8 28. Bxd5 Rxd5 29. Rfd1 Rd8 30. Qa5 Re8 31. Qb5 Rc8 32.
Rac1 Re1+ 33. Rxe1 Qxc1 34. Qe8+ Rxe8 35. Rxc1 Ra8 36. Kg1 Kg8 37. Rc3 Kf7 38.
Kf2 Ke6 39. Ke3 Ra4 40. h3 g6 41. Kd3 Kd5 42. Kc2 Ra7 43. Rd3+ Kc5 44. Kb2 Kc4
45. Rc3+ Kd5 46. Re3 Rb7+ 47. Rb3 Ra7 48. Rb5+ Kd4 49. Kb3 Rc7 50. Rb8 Ke3 51.
Ka2 Ra7 52. Rc8 Kf2 53. Rc2+ Kg3 54. Rd2 Kf4 55. Re2 Kg3 56. Kb3 Rb7+ 57. Kc4
Ra7 58. Kb4 Rb7+ 59. Kc5 Ra7 60. Ra2 Kf4 61. a4 e4 62. fxe4 Kxe4 63. a5 Ra6 64.
Kb5 Ra8 65. a6 Kf4 66. a7 Kg3 67. Kb6 Rf8 68. Rc2 g5 69. Kb7 h5 70. a8=Q Rxa8
71. Kxa8 g4 72. hxg4 hxg4 73. Kb7 Kf4 74. Rc3 Kf5 75. g3 Ke4 76. Rb3 Ke5 {
1-0 (76) Saitek Sparc (2254)-Saitek Risc 2500 aktiv (2247) Zürich 2019}) 11.
e3 f6 {Besser ist ...Se4} (11... Ne4 12. Rd1 Nxc3 13. Qxc3 Ne7 14. e4 f6 15.
Be2 b6 16. Qb3 Qd6 17. O-O Bb7 18. Rd2 f5 19. exd5 exd5 20. cxd5 Rad8 21. Bc4
a5 22. Re1 Kh8 23. Re6 Qc5 24. Ng5 Ng8 25. Rxb6 Bc8 26. d6 Nf6 27. Rb5 Qc6 28.
Nf7+ Rxf7 29. Bxf7 Ne4 30. Rc2 Qxd6 31. Rd5 Qe7 32. Rxd8+ Qxd8 33. Qd3 Qf8 34.
Qd5 Nf6 35. Qxa5 Bd7 36. Bc4 Qb8 37. b3 Ng4 38. Rd2 Nf6 39. Rd4 Qf8 40. b4 Qc8
41. h3 Qe8 42. b5 Qc8 43. b6 h6 44. Qa6 Qe8 45. b7 Bc6 {1-0 (45) Saitek Sparc 
(2254)-Saitek Risc 2500 normal (2247) Zürich 2019}) 12. Rd1 a5 13. cxd5 exd5
14. Bc4 Be6 15. Nd4 Nxd4 {Günstiger fährt Schwarz wohl mit einem Rückzug
des Läufers nach f7.} 16. Rxd4 Qd6 17. Be2 {Wenn schon ein Läuferzug, dann
zurück nach a2, wo der Läufer weiterhin Druck auf den isolierten schwarzen
Zentrumsbauer ausübt.} Rfc8 18. O-O Qc6 19. Bf3 f5 20. Rfd1 Ne4 21. Qb3 Bf7
22. Be1 Rc7 23. Qa2 b6 24. Be2 Rac8 25. Ba6 Re8 26. a4 Nd6 27. Be2 Ra8 28. g3
Ne4 29. Qa3 Rac8 30. Ba6 Rf8 31. f3 Nd6 32. Qb3 Re8 33. Bf2 Rb8 34. Bd3 Rbc8
35. Bf1 Kh8 36. Ba6 Nb7 {Nicht dramatisch, aber weshalb soll man eine gut
stehende Figur wie den Sd6 auf ein schlechteres Feld stellen und sich
gleichzeitig in eine Fesslung begeben.} 37. Qa2 Qg6 38. b3 Qf6 39. Qb1 Rb8 40.
Bd3 Nd6 41. b4 Ra8 42. Rf4 g5 43. Rd4 Rac8 {?! Hier ist 43...Te7 besser} 44.
bxa5 {?! Verpasst es, mit 44.e4 in Vorteil zu kommen. Nach Tauschaktionen auf
e4 hat Weiss Td6 mit Angriff auf den b6-Bauer, was nach dem unbedachten Tausch
44.bxa5 bxa5 nicht mehr der Fall ist.} bxa5 45. Ba6 Ra8 46. Qb6 Rca7 {?! Da
Dxa5 wegen ...Tca7 und gewinnt, keine Drohung darstellt, ist es ungeschickt,
die schwarzen Türme derart passiv in Szene zu setzen. Anstelle des Textzuges
war 46...Se8 absolut genügend.} 47. Bb5 Rb7 48. Qc6 Rc8 49. Qa6 Qd8 {? Besser
war ...De7, statt sich in die d-Linie zu stellen.} 50. Bf1 {? Ein Fragezeichen
deshalb, weil Weiss die Möglichkeit verpasst, den Gegner mit dem
Qualitätsopfer 50.Txd5! usw. den Garaus zu machen. Zufälligerweise steht
jedoch Weiss auch nach dem "falschen Läuferzug" noch immer deutlich besser.}
Rc2 51. Be1 {? Am einfachsten gewinnt 51.Txd5} Qe7 52. R4d3 d4 {? Natürlich
verlockend wegen der Drohung ...Lc4 mit Qualitätsgewinn. Aber danach kippt
die Partie deutlich zugunsten von Weiss. Deshalb war 52...g4 += richtig.} 53.
e4 {Wirkungsvoller ist 53.T3d2} (53. exd4 Bc4) 53... Bc4 {? Ein Fehler, der
verliert bzw. verlieren sollte; 53...Sc4 war deutlich besser.} 54. Qa8+ Ne8 55.
Rxd4 {+- Der Lc4 ist doppelt angegriffen, gleichzeitig droht Td8 und nach 55...
Lf7 56.Dxa5 hat Weiss zwei Bauern mehr.} Ra7 56. Qc8 Rc7 57. Qxf5 {+- Auch
jetzt hat Weiss 2 Mehrbauern} Bxf1 58. Kxf1 R2c5 {...Txh2? scheitert an Td7 +-}
59. Qh3 Qf7 60. R1d3 Nf6 61. Bd2 h5 62. Kg1 Kg7 63. Qf1 Qe6 64. Be3 Qe5 65. f4
Qe7 66. fxg5 Ng4 67. Rd7 Rxd7 68. Rxd7 Qxd7 69. Bxc5 Qd8 70. h3 Ne5 71. Be3 Qd6
72. Kg2 Nf7 73. Qf5 Qb4 74. g6 Nd6 75. Qe5+ Kxg6 76. Qg5+ Kf7 77. Qxh5+ Ke7 78.
Qg5+ Kd7 79. e5 {besser Dd5} Qe4+ 80. Kh2 {?? Verkorkst total seine
Gewinnstellung.} Qc2+ 81. Bd2 Ne4 82. e6+ Kd6 83. Qxa5 Nxd2 84. Qb6+ Ke7 85.
Qf2 Kxe6 86. a5 Qd3 87. a6 Ne4 88. Qe1 Qc2+ 89. Kh1 Qc6 90. Qe2 Kd7 91. Kh2 Qd5
92. a7 Ke7 {Kein Fehler, aber unlogisch, dass sich der König vom gegnerischen
Freibauer auf der a-Linie entfernt und sich auch noch in eine Fesslung begibt.}
93. h4 Kd7 94. Qb2 Ke6 {Die schwarzen Figuren können die weissen Bauern in
Schach halten.} 95. Qb6+ Kf5 96. Qe3 Kg6 97. Qf4 Kg7 98. Kg1 Qc5+ 99. Kg2 Qc6
100. Qf5 Nf6+ 101. Qf3 Nd5 {? Ein kurzer Moment der Unaufmerksamkeit, würde
man beim Menschen sagen, und schon ist es aus. Sowas existiert natürlich im
Computerschach nicht. Der Textzug - anstelle dessen ...Se4 noch immer
ausgleicht - verliert nun doch noch die Partie. Der Unterschied zwischen den
beiden Springerzügen liegt darin, dass Weiss nach dem fehlerhaften ...Sd5
seine Bauern vorbringen kann, indem er vorerst seinen König nach h3 spielt.
Bei ...Se4 wäre Kh3? an ...Sg5+ nebst Damengewinn gescheitert.} 102. Kh3 $18
Qa8 103. h5 Qc8+ 104. Qg4+ Qxg4+ 105. Kxg4 Nc7 106. Kg5 Ne6+ 107. Kf5 Nc7 108.
g4 Na8 109. g5 Nb6 {Schwarz gibt auf} 1-0